000 00568nam a2200181 a 4500
001 000003768
005 20200929150549.0
008 750122s1955 nyu 000 f eng d
040 _aDO-SdBNP
_bspa
_cBNPHU
082 _a813.54
_bK49s
100 1 _aKimbrough, Emily,
_d1899-
_911466
245 1 0 _aSo near and yet so far /
_cEmily Kimbrough; dibujo de Mircea Vasiliu.
260 _aNew York :
_bHarper,
_c1955.
300 _a241 p. :
_bil. ;
_c22 cm.
650 4 _aNovela estadounidense
_9262
650 4 _aLiteratura estadounidense
_9263
700 1 _aVasiliu, Mircea
_911467
999 _c3590
_d3590